| 000 | 01317nam a2200313 i 4500 | ||
|---|---|---|---|
| 001 | 185468 | ||
| 003 | ES-MaACL | ||
| 005 | 20230906222438.0 | ||
| 008 | 160607s1999 gw ac c |||| |dger d | ||
| 020 | _a3-933679-20-6 | ||
| 080 | _a7.031.2(083.824) | ||
| 080 | _a929(430):73.041.5 | ||
| 245 | 0 | 0 |
_aArchiv der Gesichter _b: Toten- und Lebendmasken aus dem Schiller-Nationalmuseum : eine Ausstellung des deutschen Literaturarchivs und der Stiftung Museum Schloss Moyland in Verbindung mit dem Museum für Sepulkralkultur in Kassel / _c[Ausstellung und katalog, Michael Davidis und Ingeborg Dessoff-Hahn...]. |
| 250 | _a2., durchgesehene Aufl. | ||
| 260 |
_aMarbach am Neckar : _bDeutsche Schillergesellschaft, _c1999. |
||
| 300 |
_a394 p. : _bil., principalmente retr. ; _c21 x 15 cm. |
||
| 490 | 1 |
_aMarbacher kataloge ; _v53 |
|
| 500 | _aÍndices. | ||
| 504 | _aBibliografía: p. 52-53. | ||
| 650 | 4 |
_aMáscaras- _vExposiciones. _9159804 |
|
| 650 | 4 |
_aAlemanes- _xRetratos. _9159807 |
|
| 655 | 7 |
_2tgfbne _9193628 _aCatálogos de exposiciones |
|
| 700 | 1 |
_aDavidis, Michael. _9159806 |
|
| 710 | 2 |
_aSchiller-Nationalmuseum. _9159805 |
|
| 830 | 0 |
_aMarbacher kataloge ; _v53 _9225219 |
|
| 852 |
_aES-MaACL _jL-30357 _z. - Donat. Miguel A. Velasco |
||
| 942 | _2udc | ||
| 999 |
_c185468 _d185468 |
||